Statistics for Camera Brands

Click here to take the quiz!

General Stats

  • This quiz has been taken 91 times
  • The average score is 3 of 5

Answer Stats

Answer% Correct
Canon
94%
Nikon
94%
Sony
82%
Kodak
34%
GoPro
16%

Score Distribution

Percentile by Number Answered

Percent of People with Each Score

Your Score History

You have not taken this quiz